| 000 | 00516nam a22001817a 4500 | ||
|---|---|---|---|
| 005 | 20171010114235.0 | ||
| 010 | _aENG-120949 | ||
| 020 |
_a9789386191168 _c350.00 |
||
| 035 | _aEN-104481 | ||
| 037 | _bDBAD/PUB | ||
| 082 | _aN | ||
| 100 | _aBasu,Anirban | ||
| 245 |
_aIt @ D Day: _cby Anirban Basu _bwhen machine hunts man |
||
| 260 |
_aNew Delhi _bLiFi Publications _c2017 |
||
| 270 |
_a211,2nd Floor, Gagandeep 12, Rajendra Place _bNew Delhi _e110008 |
||
| 300 |
_a146p. _c20cm(Hb) |
||
| 942 |
_2ddc _cEN _hN _mBAS |
||
| 999 |
_c146384 _d146384 |
||